000 00254nam a2200097Ia 4500
001 1214552
005 20250827024534.0
008 250824s9999 xx 000 0 und d
245 0 _aDELİ ÇOCUĞUN GÜNCESİ
_cÖZGÜR BACAKSIZ
260 _bDESTEK YAYINLARI
999 _c1214552
_d1214552